• 首页
  • 本馆介绍
  • 公告通知
  • 最新文献
  • 馆藏检索
  • 电子资源
  • 读者导购
  • 参考咨询
  • 我的图书馆
  • 登录
  • 详细信息显示
  • 放入我的书架
  • 预约/预借图书
  • 作者相关作品
  • 分类相关作品
  • 丛书相关作品
  • 出版社相关作品

书目信息

  • 表格格式
  • 工作单格式
  • 卡片格式
题名:
彩色图解闲情偶寄
    
 
作者: 李渔, 著 ;鸿雁 主编
分册:  
出版信息: 北京   中国华侨出版社  2016
页数: 10, 430页
开本: 25cm
丛书名:
单 册:
中图分类: I264.9
科图分类:
主题词: 杂文--za wen--中国--清代--选集
电子资源:
ISBN: 978-7-5113-5706-9
000 00957nam0 22002531 450
001 0122100623
005 20170322100623.0
010    @a978-7-5113-5706-9@dCNY45.00
100    @a20160128d2016 em y0chiy50 ea
101 0  @achi
102    @aCN@b110000
105    @aa z 000cy
106    @ar
200 1  @a彩色图解闲情偶寄@9cai se tu jie xian qing ou ji@f(清) 李渔著@g鸿雁主编
210    @a北京@c中国华侨出版社@d2016
215    @a10, 430页@c彩图@d25cm
330    @a本书精选数百幅图片, 包括柔美人物、古书留影、器皿景物等, 与文字相辅相成, 让文中的内容得到直观呈现, 将阅读变成一种赏心悦目的享受, 科学简明的体例, 雅致精美的图片、注重传统文化与现代审美的设计理念, 多种视觉要素有机结合在一起。
517 1  @a闲情偶寄@9xian qing ou ji
606 0  @a杂文@9za wen@y中国@z清代@j选集
690    @aI264.9@v5
701  0 @a李渔,@9li yu ,@f1610-1680?@4著
702  0 @a鸿雁@9hong yan@4主编
801  0 @aCN@bTANGWEI@c20170308
905    @b0958282-5@dI264.9@e2085@f4
    
    彩色图解闲情偶寄/(清) 李渔著/鸿雁主编.-北京:中国华侨出版社,2016
    10, 430页:彩图;25cm
    
    
    ISBN 978-7-5113-5706-9:CNY45.00
    本书精选数百幅图片, 包括柔美人物、古书留影、器皿景物等, 与文字相辅相成, 让文中的内容得到直观呈现, 将阅读变成一种赏心悦目的享受, 科学简明的体例, 雅致精美的图片、注重传统文化与现代审美的设计理念, 多种视觉要素有机结合在一起。
●
相关链接 在E读中查询图书 在五车中查询图书 在当当中查询图书 在豆瓣中查询图书


正题名:彩色图解闲情偶寄     索取号:I264.9/2085         预约/预借

序号 登录号 条形码 馆藏地/架位号 状态 备注
1 0958282   209582824   第一样本阅览室/ [索取号:I264.9/2085] 在馆    
2 0958283   209582833   第二借阅区/ [索取号:I264.9/2085] 在馆    
3 0958284   209582842   第二借阅区/ [索取号:I264.9/2085] 在馆    
4 0958285   209582851   第二借阅区/ [索取号:I264.9/2085] 在馆    
唐山师范学院图书馆 欢迎您!
大连网信软件有限公司© 版权所有